Onora il figlio e la figlia (Record n. 217536)

Dettagli MARC
000 -LEADER
fixed length control field 01195nam a2200217Ia 4500
001 - CONTROL NUMBER
control field a1673-42398
003 - CONTROL NUMBER IDENTIFIER
control field IT-MiCISF
008 - FIXED-LENGTH DATA ELEMENTS--GENERAL INFORMATION
fixed length control field 161014s9999||||xx |||||||||||||| ||und||
040 ## - CATALOGING SOURCE
Original cataloging agency IT-MiCISF
Transcribing agency IT-MiCISF
041 ## - LANGUAGE CODE
Language code of text/sound track or separate title it
999 ## - SYSTEM CONTROL NUMBERS (KOHA)
Koha Dewey Subclass [OBSOLETE] si
100 ## - MAIN ENTRY--PERSONAL NAME
Personal name Parsi Maria Rita
245 #0 - TITLE STATEMENT
Title Onora il figlio e la figlia
250 ## - EDITION STATEMENT
Edition statement 1a ed.
260 ## - PUBLICATION, DISTRIBUTION, ETC. (IMPRINT)
Place of publication, distribution, etc. Milano
Name of publisher, distributor, etc. Salani
Date of publication, distribution, etc. 2006
300 ## - PHYSICAL DESCRIPTION
Extent pp. 183
500 ## - GENERAL NOTE
General note / infanzia, comportamento, diritti-bambino, psicologia / Che cosa significa essere buoni genitori e buoni educatori oggi? Come affrontare le sfide di una società che tende a sopravvalutare gli aspetti materiali senza fornire un supporto ideale alle famiglie? Secondo le AA., della Fondazione Movimento Bambino, "onora il figlio e la figlia" è "l'undicesimo comandamento". Onorare significa rispettare ed amare, cercando di fornire le sole due cose che i genitori debbono dare ai figli: "radici" per trarre l'energia necessaria a vivere e crescere, e "ali" per essere indipendenti, liberi e volare in alto, nel cielo della piena autonomia e della realizzazione personale.
650 ## - SUBJECT ADDED ENTRY--TOPICAL TERM
Topical term or geographic name as entry element Infanzia / infanzia
Relator term 008
700 ## - ADDED ENTRY--PERSONAL NAME
Personal name Toro Mara Beatrice
942 ## - ADDED ENTRY ELEMENTS (KOHA)
Koha item type LIBRO
957 ## -
-- 1
999 ## - SYSTEM CONTROL NUMBERS (KOHA)
-- 1
Dati di copia
Withdrawn status Lost status Damaged status Not for loan Home library Current library Date acquired Total Checkouts Full call number Date last seen Price effective from Koha item type Public note
    Buone Condizioni Not For Loan CISF - Milano CISF - Milano 14/10/2016   a1673-42398 14/10/2016 14/10/2016 LIBRO Data import 15.10.2016 / by Epidotti, Vaglietti
CREDITS: SOCIETA' SAN PAOLO Via A.Severo, 58 - ROMA (RM) & PERIODICI SAN PAOLO SRL Via Giotto, 36 MILANO & CISF Via Giotto, 36 MILANO & EDIZIONI SAN PAOLO SRL,  Piazza Soncino, 5 CINISELLO BALSAMO (MI) -- ITALY